| 000 | 01199nam a22003615i 4500 | ||
|---|---|---|---|
| 003 | UkOxU | ||
| 005 | 20230404121803.0 | ||
| 008 | 230404s2017 enk 000 0 eng d | ||
| 020 |
_a9780414058217 _qpaperback |
||
| 035 | _a(StEdNL)10038886 | ||
| 035 | _a(UkLoRLUK)7010038886 | ||
| 038 | _aUkLoRLUK | ||
| 041 | _aeng | ||
| 245 | 0 | 0 |
_aJCT: Prime Cost Building Contract Guide 2016 _bPCC/G 2016 |
| 264 | 1 |
_aLondon : _bThomson Reuters (Professional) UK Limited, _c2017. |
|
| 264 | 4 | _c©2017 | |
| 300 |
_aii, 23 pages ; _c30 cm |
||
| 336 |
_atext _2rdacontent |
||
| 337 |
_aunmediated _2rdamedia |
||
| 338 |
_avolume _2rdacarrier |
||
| 490 | _aJCT Contracts 2016 | ||
| 500 | _aTitle from cover. | ||
| 500 | _a"PCC/G 2016" --Cover. | ||
| 650 | 0 |
_aLabor costs _zGreat Britain. |
|
| 650 | 0 |
_aElectrical engineering _xEstimates _zGreat Britain. |
|
| 650 | 0 |
_aHeating and ventilation industry _xEstimates _zGreat Britain. |
|
| 650 | 0 |
_aAir conditioning industry _xEstimates _zGreat Britain. |
|
| 650 | 0 |
_aBuildings _xMaintenance _xEstimates _zGreat Britain. |
|
| 651 | _aUnited Kingdom | ||
| 710 | 2 |
_aJoint Contracts Tribunal, _eauthor. |
|
| 942 | _n0 | ||
| 999 |
_c121441 _d121441 |
||